000
00204nam a22000857a 4500
008
161124b xxu||||| |||| 00| 0 eng d
100
_9
1401
_a
Mauell.S.A.
245
_a
World Problems-6
260
_a
USA
_b
TCR
_c
2011
999
_c
4118
_d
4118